| 000 | 00413nam a22001577a 4500 | ||
|---|---|---|---|
| 005 | 20230613102749.0 | ||
| 008 | 230613b |||||||| |||| 00| 0 eng d | ||
| 020 | _a9781435455085 | ||
| 082 |
_a770.688 _bADL-L |
||
| 100 | _aAdler,Lindsay | ||
| 245 | _aThe linked photographers' guide to online marketing and social media | ||
| 260 |
_aUSA _bCengage _c2011 |
||
| 300 | _a361 | ||
| 650 | _aMarketing | ||
| 999 |
_c18730 _d18730 |
||